000 00698nam a2200205Ii 4500
003 JO-AjNU
008 230605s9999||||xx |||||||||||||| ||und||
040 _aJO-AjNU
_bara
_erda
_cJO-AjNU
041 _aara
050 1 4 _aBP87.5.2005
100 3 _aموسى، محمد,
_eauthor
_937614
245 0 0 _a100قصة من قصص بكاء الصالحين من خشية الله
250 _aط1
264 3 1 _aعمان:دار الوضاح للنشر والتوزيع ، دار الاسراء للنشر والتوزيع ،2005
300 _a80ص
336 _atext
_btxt
_2rdacontent
337 _aunmediated
_bn
_2rdamedia
338 _avolume
_bnc
_2rdacarrier
650 4 _aقصص دينية
_937615
999 _aA15732
_c19300
_d19300